ბათუმის შოთა რუსთაველის სახელმწიფო უნივერსიტეტის ბიბლიოთეკა

სუბტროპიკული კულტურების სელექცია–მეთესლეობა. (ბიბ.ჩანაწერი № 44669)

000 -LEADER
fixed length control field 00873nam a2200205Ia 4500
001 - CONTROL NUMBER
control field 11472
003 - CONTROL NUMBER IDENTIFIER
control field GE_BSU
008 - FIXED-LENGTH DATA ELEMENTS--GENERAL INFORMATION
fixed length control field 181216s||||||||xx |||||||||||||| ||und||
040 ## - CATALOGING SOURCE
Transcribing agency GE_BSU
100 ## - MAIN ENTRY--PERSONAL NAME
Personal name იაკობაშვილი,ბ.
245 ## - TITLE STATEMENT
Title სუბტროპიკული კულტურების სელექცია–მეთესლეობა.
245 ## - TITLE STATEMENT
Remainder of title გენეტიკა;სახელმძღვ.სას.სამ. ინ–ტის სტუდენტებისათვის.
245 ## - TITLE STATEMENT
Statement of responsibility, etc. რედ:დ.ნათშვილი.
260 ## - PUBLICATION, DISTRIBUTION, ETC.
Place of publication, distribution, etc. თბილისი.
260 ## - PUBLICATION, DISTRIBUTION, ETC.
Name of publisher, distributor, etc. ცოდნა.
260 ## - PUBLICATION, DISTRIBUTION, ETC.
Date of publication, distribution, etc. 1964.
300 ## - PHYSICAL DESCRIPTION
Extent 249გვ;22სმ.
653 ## - INDEX TERM--UNCONTROLLED
Uncontrolled term სუბტროპიკული კულტურების სელექცია–მეთესლეობა.
942 ## - ADDED ENTRY ELEMENTS (KOHA)
Koha item type წიგნი

არაა ხელმისაწვდომი ეგზემპლარები.